| 000 | 00686nam a2200205 a 4500 | ||
|---|---|---|---|
| 001 | 000301516 | ||
| 003 | AM-YeHGA | ||
| 005 | 20250618071936.0 | ||
| 008 | 040120s1910 aj 000 | arm d | ||
| 040 | _aAM-YeHGA | ||
| 041 | 0 | _aarm | |
| 100 | 1 |
_aՓափազյան, Վրթանես Մեսրոպի, _d1866-1920 _91606 |
|
| 245 | 1 | 0 |
_aԳագիկ երկրորդ / _cՎ. Փափազեան. |
| 260 |
_aԲագու : _bտպ. Բագու : _bԲ.Հ. Կուլտ. միութ. հրատ., _c1910. |
||
| 300 |
_a43 էջ ; _c17 սմ. |
||
| 440 | 0 |
_aԴրւագ հայոց պատմութիւնից _v2 |
|
| 650 | 1 | 4 |
_aՀայ գրականություն _xՎիպակ |
| 942 |
_2udc _cBK |
||
| 090 | _c112361 | ||
| 999 |
_c111024 _d111024 |
||